000
00234nam a2200097Ia 4500
001
640144
005
20250826153442.0
008
250824s9999 xx 000 0 und d
245
0
_a
DİN NEDİR
_c
SALİH GÜRDAL
260
_b
BEYAN YAYINLARI
999
_c
640144
_d
640144